United States international economic policy in an interdependent world

محفوظ في:
التفاصيل البيبلوغرافية
التنسيق: كتاب
اللغة:Undetermined
منشور في: [ London ] Washington D. C 1971
الموضوعات:
الوسوم: إضافة وسم
لا توجد وسوم, كن أول من يضع وسما على هذه التسجيلة!
Thư viện lưu trữ: Trung tâm Học liệu Trường Đại học Cần Thơ
LEADER 00522nam a2200169Ia 4500
001 CTU_83121
008 210402s9999 xx 000 0 und d
082 |a 382.0973 
082 |b U58 
245 0 |a United States international economic policy in an interdependent world 
260 |a [ London ] 
260 |b Washington D. C 
260 |c 1971 
650 |a Investments, american,United States 
650 |x Foreign economic relations 
904 |i QHieu(sửa) 
980 |a Trung tâm Học liệu Trường Đại học Cần Thơ